000 01108 a2200193 4500
001 59654
005 20260407155850.0
008 260407a1970 arg spa d
003 AR-UNSa-BCEJYS
040 _aAR-UNSa-BCEJYS
_bspa
_cAR-UNSa-BCEJYS
080 _a330.34
_xDesarrollo Económico
245 1 0 _aLa estrategia del desarrollo económico
264 1 _aMéxico :
_bFondo de Cultura Económica
_c1970
300 _a210 p.
_c21 cm.
505 _a1. Exploraciones preliminares - 2. Modelos de crecimiento y procesos de desarrollo - 3. El crecimiento equilibrado: una crítica - 4. Adopción de la teoría del crecimiento desequilibrado - 5. Alternativas y estrategias de inversión - 6. Interdependencia e industrialización - 7. Industrialización: otros aspectos característicos - 8. Eficiencia y crecimiento de la empresa individual - 9. El papel de las perturbaciones - 10. Trasmisión interregional e internacional del crecimiento económico - 11. Conclusión: funciones del gobierno y ayuda extranjera
942 _cBK
590 _aniveau_biblio:m niveau_hierar:0
100 1 _aHirschman, Albert O.
999 _c6774
_d6774